LEADER 01723nam 2200589 a 450 001 9910454476303321 005 20200520144314.0 010 $a1-282-85838-6 010 $a9786612858383 010 $a0-7735-6817-4 035 $a(CKB)1000000000713340 035 $a(SSID)ssj0000276618 035 $a(PQKBManifestationID)11229926 035 $a(PQKBTitleCode)TC0000276618 035 $a(PQKBWorkID)10226705 035 $a(PQKB)11490182 035 $a(MiAaPQ)EBC3331156 035 $a(CaPaEBR)400212 035 $a(MiAaPQ)EBC3245549 035 $a(Au-PeEL)EBL3331156 035 $a(CaPaEBR)ebr10141828 035 $a(CaONFJC)MIL285838 035 $a(OCoLC)929121508 035 $a(EXLCZ)991000000000713340 100 $a19990922d2000 uy 1 101 0 $aeng 135 $aurcn||||||||| 181 $ctxt 182 $cc 183 $acr 200 14$aThe accidental Indies$b[electronic resource] /$fRobert Finley 210 $aMontreal $cIthaca $cMcGill-Queen's University Press$dc2000 215 $a102 p. $cill 300 $aBibliographic Level Mode of Issuance: Monograph 311 $a0-7735-3551-9 311 $a0-7735-2006-6 320 $aIncludes bibliographical references (p. 97-99). 606 $aDiscoveries in geography$vFiction 606 $aExplorers$vFiction 607 $aWest Indies$vFiction 608 $aElectronic books. 615 0$aDiscoveries in geography 615 0$aExplorers 676 $aC813/.54 700 $aFinley$b Robert Stuart Martin$f1957-$0880120 801 0$bMiAaPQ 801 1$bMiAaPQ 801 2$bMiAaPQ 906 $aBOOK 912 $a9910454476303321 996 $aThe accidental Indies$91965211 997 $aUNINA LEADER 02053nam0 22004333i 450 001 SBL0335997 005 20251003044352.0 010 $a8820420341 020 $aIT$b815086 100 $a19910930d1981 ||||0itac50 ba 101 | $aita 102 $ait 181 1$6z01$ai $bxxxe 182 1$6z01$an 200 1 $aSindacati e contrattazione collettiva in Italia nel 1978-79$fRenato Fontana, Giorgio Nardinocchi ed Elena Pisani$gprefazione di Piero Boni 210 $aMilano$cFranco Angeli$dİ1981 215 $a198 p.$d22 cm 225 | $aCollana di cultura sindacale$v16 300 $aIn testa al front.: Fondazione Giacomo Brodolini. 410 0$1001LO10030084$12001 $aCollana di cultura sindacale$v16 606 $aContratti collettivi e sindacati$x1978-1979$2FIR$3SBLC067658$9I 676 $a331.880945$9SINDACATI. Italia$v20 676 $a331.880945$9SINDACATI. Italia$v23 676 $a331.89$9CONTRATTAZIONE COLLETTIVA E VERTENZE SINDACALI$v12 676 $a331.89094509047$9$v20 696 $aSindacati$aContratti collettivi 699 $aContratti collettivi e sindacati$xSindacati$xContratti collettivi 700 1$aFontana$b, Renato$f <1951- >$3CFIV238235$4070$0135607 701 1$aPisani$b, Elena$f <1940- >$3CFIV018806$4070$0146449 701 1$aNardinocchi$b, Giorgio$3SBLV099094$4070$0146448 702 1$aBoni$b, Piero$f <1920-2009>$3CFIV040988 801 3$aIT$bIT-000000$c19910930 850 $aIT-BN0095 901 $bNAP 01$cPOZZO LIB.$nVi sono collocati fondi di economia, periodici di ingegneria e scienze, periodici di economia e statistica e altri fondi comprendenti documenti di economia pervenuti in dono. 912 $aSBL0335997 950 0$aBiblioteca Centralizzata di Ateneo$c1 v.$d 01POZZO LIB.F. SANTI 387$e 0101 0060033135E VMA 1 v. (Precedente collocazione S 419)$fB $h20221109$i20221109 977 $a 01 996 $aSindacati e contrattazione collettiva in Italia nel 1978-79$9514490 997 $aUNISANNIO